000 00600nam a22001937a 4500
005 20260514104334.0
010 _aENG-148477
020 _a9789395481724
_c300.00
035 _aEN-132009
037 _bDBAD
082 _aN
100 _aNagda, Aparna Salvi
_989079
245 _aThe Labyrinth of Silence/
_cAparna Salvi Nagda
250 _a1
260 _bVishwakarma Publications
_c2024
_aMaharashtra
270 _a34A/1, Suyog Center, 7th floor, Gultekedi Marketyard Road, Giridhar Bhavan Chowk,
_e411037
_bPune
_minfo@vpindia.co.in
300 _a202p.
_c21cm (pb)
942 _2ddc
_cEN
_hN
_mNAG
999 _c216151
_d216151